Loading...
| Fine Arts - Other | 0 | 8 | 0 | 1 | 80 | 112 | 132.25 | 0 | 0 | 0.00 | 0.00 |
| History - Other | 0 | 7 | 1 | 1 | 65 | 73 | 111.43 | 0 | 2 | 0.00 | 0.00 |
| History - European | 0 | 6 | 0 | 1 | 60 | 75 | 107.67 | 0 | 3 | 0.00 | 0.00 |
| History - World | 0 | 5 | 2 | 3 | 40 | 73 | 123.60 | 0 | 0 | 0.00 | 0.00 |
| Fine Arts - Painting & Sculpture | 0 | 4 | 1 | 1 | 35 | 102 | 120.50 | 0 | 1 | 0.00 | 0.00 |
| Literature - American | 0 | 3 | 0 | 0 | 30 | 121 | 134.33 | 0 | 1 | 0.00 | 0.00 |
| Other Academic | 0 | 3 | 0 | 0 | 30 | 80 | 93.67 | 0 | 1 | 0.00 | 0.00 |
| Geography | 0 | 3 | 0 | 0 | 30 | 71 | 87.67 | 1 | 1 | 0.00 | 0.00 |
| History - American | 0 | 3 | 1 | 0 | 25 | 76 | 104.33 | 0 | 1 | 0.00 | 0.00 |
| Social Science | 0 | 3 | 1 | 0 | 25 | 100 | 116.00 | 0 | 0 | 0.00 | 0.00 |
| Literature - British | 0 | 3 | 2 | 0 | 20 | 100 | 111.00 | 0 | 1 | 0.00 | 0.00 |
| Fine Arts - Classical Music | 0 | 3 | 2 | 0 | 20 | 112 | 122.67 | 0 | 0 | 0.00 | 0.00 |
| Current Events | 0 | 2 | 0 | 0 | 20 | 109 | 122.00 | 0 | 0 | 0.00 | 0.00 |
| Science - Chemistry | 0 | 2 | 0 | 0 | 20 | 126 | 130.50 | 0 | 0 | 0.00 | 0.00 |
| Science - Other | 0 | 1 | 0 | 0 | 10 | 79 | 79.00 | 0 | 1 | 0.00 | 0.00 |
| Mythology | 0 | 1 | 0 | 0 | 10 | 131 | 131.00 | 0 | 0 | 0.00 | 0.00 |
| Religion | 0 | 1 | 0 | 0 | 10 | 130 | 130.00 | 0 | 0 | 0.00 | 0.00 |
| Literature - World | 0 | 1 | 2 | 1 | 0 | 135 | 135.00 | 0 | 0 | 0.00 | 0.00 |
| Philosophy | 0 | 0 | 0 | 0 | 0 | 0.00 | 0 | 0 | 0.00 | 0.00 | |
| Science - Biology | 0 | 1 | 3 | 0 | -5 | 59 | 59.00 | 0 | 1 | 0.00 | 0.00 |
| Literature - European | 0 | 1 | 3 | 1 | -5 | 151 | 151.00 | 0 | 0 | 0.00 | 0.00 |